Most Populous MSA's In The United States - Statistics

General Stats
  • This quiz has been taken 38 times
  • The average score is 14 of 15
Answer Stats
Answer Population % Correct
Chicago 9,618,500
100%
Dallas/Fort Worth 7,637,400
100%
Houston 7,122,200
100%
Los Angeles 13,201,000
100%
Miami/Fort Lauderdale 6,138,300
100%
New York City/Newark 20,140,500
100%
Philadelphia 6,245,100
97%
Phoenix 4,845,800
97%
San Francisco/Oakland 4,749,000
94%
Seattle/Tacoma 4,018,700
94%
Atlanta 6,089,800
91%
Boston 4,941,600
91%
Washington D.C. 6,385,200
88%
Detroit 4,392,000
85%
Riverside/San Bernardino 4,599,800
44%
No matching quizzes found
Score Distribution
Percent of People with Each Score
Percentile by Number Answered
Your Score History
You have not taken this quiz